[Event "COL-ch U1800"]
[Site "Moniquira"]
[Date "2018.07.21"]
[Round "4"]
[White "Contreras R, Wilson Mauricio"]
[Black "Castillo Barajas, Tatiana"]
[Result "0-1"]
[WhiteElo "1748"]
[BlackElo "1336"]
[PlyCount "48"]
[EventDate "2018.07.19"]
[EventType "swiss"]
[EventRounds "7"]
[EventCountry "COL"]
[SourceTitle "CBM 187 Extra"]
[Source "ChessBase"]
[SourceDate "2018.11.04"]
[SourceVersion "1"]
[SourceVersionDate "2018.11.04"]
[SourceQuality "1"]

1. e4 e5 2. Nf3 Nc6 3. Bb5 d6 4. d4 Bd7 5. 0-0 Nf6 6. d5 Ne7 7. Bxd7+ Qxd7 8. Nc3 Ng6 9. Bg5 Be7 10. g3 0-0 11. Qd3 Nh5 12. Bxe7 Qxe7 13. Nd1 Qf6 14. Kg2 Ngf4+ 15. gxf4 Nxf4+ 16. Kg3 Nxd3 17. cxd3 Qf4+ 18. Kg2 Qg4+ 19. Kh1 Qxf3+ 20. Kg1 Qxd3 21. f3 f5 22. Rc1 fxe4 23. Rxc7 Rxf3 24. Nf2 Qd4 0-1

[Event "Bogota Navidad op"]
[Site "Bogota"]
[Date "2016.12.08"]
[Round "2"]
[White "Contreras R, Wilson Mauricio"]
[Black "Parrales, Jose David"]
[Result "1-0"]
[WhiteElo "1761"]
[BlackElo "1634"]
[PlyCount "44"]
[EventDate "2016.12.07"]
[EventType "swiss"]
[EventRounds "9"]
[EventCountry "COL"]
[SourceTitle "CBM 176 Extra"]
[Source "ChessBase"]
[SourceDate "2017.03.02"]
[SourceVersion "1"]
[SourceVersionDate "2017.03.02"]
[SourceQuality "1"]

1. e4 e5 2. Nf3 Nf6 3. Nxe5 d6 4. Nf3 Nxe4 5. d4 Bg4 6. Bd3 d5 7. Nbd2 Nc6 8. c3 Nf6 9. Qa4 Bd6 10. Ne5 Qe7 11. f4 Nd7 12. 0-0 Bxe5 13. dxe5 Nc5 14. Qc2 Nxd3 15. Qxd3 0-0 16. Qxd5 Rad8 17. Qe4 Qc5+ 18. Kh1 Ne7 19. Nb3 Qb5 20. Be3 Bf5 21. Qf3 Be6 22. Rf2 Bd5 1-0

[Event "Bogota University op 9th"]
[Site "Bogota"]
[Date "2015.10.08"]
[Round "1"]
[White "Contreras R, Wilson Mauricio"]
[Black "Munoz Galvez, Jhon Edison"]
[Result "0-1"]
[WhiteElo "1792"]
[BlackElo "2293"]
[PlyCount "53"]
[EventDate "2015.10.08"]
[EventType "swiss"]
[EventRounds "9"]
[EventCountry "COL"]
[SourceTitle "CBM 168 Extra"]
[Source "ChessBase"]
[SourceDate "2015.10.29"]
[SourceVersion "1"]
[SourceVersionDate "2015.10.29"]
[SourceQuality "1"]

1. e4 c5 2. Nf3 d6 3. d4 cxd4 4. Qxd4 a6 5. h3 Nc6 6. Qe3 Nf6 7. a3 g6 8. Bc4 Bg7 9. 0-0 0-0 10. Rd1 b5 11. Ba2 Nd7 12. c3 Qc7 13. Nbd2 Bb7 14. Rb1 Nb6 15. b3 d5 16. Bb2 Rad8 17. exd5 Nxd5 18. Qc5 Nf4 19. c4 Nd3 20. Qe3 Nxb2 21. Re1 bxc4 22. bxc4 Rd3 23. Qc5 Na4 24. Qg5 Nc3 25. Rb3 Rfd8 26. Rxc3 Bxc3 27. Re3 0-1

[Event "Bogota University op 9th"]
[Site "Bogota"]
[Date "2015.10.08"]
[Round "2"]
[White "Medina Barrios, Lina Maria"]
[Black "Contreras R, Wilson Mauricio"]
[Result "1/2-1/2"]
[WhiteElo "1405"]
[BlackElo "1792"]
[PlyCount "67"]
[EventDate "2015.10.08"]
[EventType "swiss"]
[EventRounds "9"]
[EventCountry "COL"]
[SourceTitle "CBM 168 Extra"]
[Source "ChessBase"]
[SourceDate "2015.10.29"]
[SourceVersion "1"]
[SourceVersionDate "2015.10.29"]
[SourceQuality "1"]

1. e4 e5 2. Nf3 Nc6 3. Bc4 Nf6 4. d3 Bb4+ 5. c3 Ba5 6. b4 Bb6 7. b5 d5 8. exd5 Ne7 9. Nxe5 0-0 10. 0-0 Nfxd5 11. Re1 Bc5 12. Bb2 Bf5 13. d4 Bd6 14. Qf3 Be6 15. Nd2 c6 16. bxc6 bxc6 17. Ne4 Bxe5 18. dxe5 Qb8 19. Ba3 Qxe5 20. Bxe7 Nxe7 21. Nd2 Qc5 22. Bb3 Ng6 23. Ne4 Qe7 24. Ng3 Qc5 25. Rad1 Bxb3 26. axb3 Ne5 27. Qe3 Qxe3 28. Rxe3 f6 29. Ra1 Rfd8 30. h3 Rd2 31. Ne4 Rb2 32. c4 f5 33. Nc5 Ng6 34. Re6 1/2-1/2

[Event "Bogota McGregor op 4th"]
[Site "Bogota"]
[Date "2013.12.08"]
[Round "8"]
[White "Contreras R, Wilson Mauricio"]
[Black "Guzman Lozano, Campo Elias"]
[Result "0-1"]
[WhiteElo "1834"]
[BlackElo "2056"]
[PlyCount "40"]
[EventDate "2013.12.04"]
[EventType "swiss"]
[EventRounds "9"]
[EventCountry "COL"]
[SourceTitle "CBM 157 Extra"]
[Source "ChessBase"]
[SourceDate "2013.12.19"]
[SourceVersion "1"]
[SourceVersionDate "2013.12.19"]
[SourceQuality "1"]

1. e4 c5 2. Nf3 Nc6 3. d4 cxd4 4. Nxd4 Qb6 5. Nb3 Nf6 6. Nc3 e6 7. Be2 Bb4 8. f3 d5 9. Bd2 dxe4 10. Nxe4 Nxe4 11. fxe4 0-0 12. c3 Be7 13. Qc2 a5 14. a4 Bd7 15. Bb5 Rac8 16. 0-0-0 Nb4 17. Qb1 Bxb5 18. axb5 a4 19. Na1 Qxb5 20. Nc2 Nd3# 0-1

[Event "Pan American-ch"]
[Site "Cartagena"]
[Date "2012.07.05"]
[Round "3"]
[White "Moreno Negrete, Emmanuel"]
[Black "Contreras R, Wilson Mauricio"]
[Result "0-1"]
[WhiteElo "1648"]
[BlackElo "1839"]
[PlyCount "92"]
[EventDate "2012.07.04"]
[EventType "swiss"]
[EventRounds "9"]
[EventCountry "COL"]
[SourceTitle "CBM 149 Extra"]
[Source "ChessBase"]
[SourceDate "2012.08.24"]
[SourceVersion "1"]
[SourceVersionDate "2012.08.24"]
[SourceQuality "1"]

1. e4 d5 2. exd5 Qxd5 3. Nc3 Qa5 4. Nf3 Bf5 5. Be2 Nc6 6. d4 Nb4 7. Bb5+ c6 8. Ba4 0-0-0 9. 0-0 Nf6 10. Ne5 Bg6 11. a3 Nbd5 12. b4 Qc7 13. Nxd5 Nxd5 14. Qg4+ Kb8 15. c4 Nf6 16. Qg3 Ka8 17. Bf4 Nh5 18. Nxg6 Nxg3 19. Bxc7 Ne2+ 20. Kh1 hxg6 21. Bxd8 e6 22. b5 Bd6 23. g3 cxb5 24. Rfe1 Nxd4 25. Red1 Bc5 26. Be7 Bxe7 27. Rxd4 Bf6 28. Rad1 Bxd4 29. Rxd4 bxa4 30. c5 Rc8 31. Rd7 Rf8 32. Rd4 Rc8 33. Rd7 a6 34. Rxf7 Rxc5 35. Rf4 b5 36. Re4 e5 37. Kg2 Kb7 38. Kf3 Rc3+ 39. Re3 Rxe3+ 40. fxe3 b4 41. Ke4 bxa3 42. Kxe5 a2 43. e4 a1Q+ 44. Ke6 Qd4 45. e5 Kc6 46. g4 Qd7# 0-1

[Event "Cartagena IRT op 4th"]
[Site "Cartagena"]
[Date "2012.06.18"]
[Round "8"]
[White "Contreras R, Wilson Mauricio"]
[Black "Masso Lopez, Daniela"]
[Result "1-0"]
[WhiteElo "1861"]
[BlackElo "1433"]
[PlyCount "111"]
[EventDate "2012.06.14"]
[EventType "swiss"]
[EventRounds "9"]
[EventCountry "COL"]
[SourceTitle "CBM 148 Extra"]
[Source "ChessBase"]
[SourceDate "2012.06.22"]
[SourceVersion "1"]
[SourceVersionDate "2012.06.22"]
[SourceQuality "1"]

1. e4 e5 2. d4 exd4 3. Qxd4 Nc6 4. Qe3 Nf6 5. e5 Ng4 6. Qe4 Ngxe5 7. f4 d5 8. Qe2 Bg4 9. Nf3 Bxf3 10. gxf3 Qh4+ 11. Kd1 Bc5 12. c3 0-0 13. fxe5 Rfe8 14. f4 Rad8 15. Nd2 d4 16. Nf3 dxc3+ 17. Kc2 cxb2 18. Kxb2 Qe7 19. a3 Na5 20. Bd2 Nc6 21. Bc3 Rb8 22. Qe4 Qd7 23. Bd3 g6 24. Bc4 b5 25. Bb3 a5 26. Rad1 Bd6 27. Qd5 Bxa3+ 28. Kxa3 Qxd5 29. Bxd5 b4+ 30. Ka2 bxc3 31. Bxc6 Rb2+ 32. Ka1 Reb8 33. Rb1 R8b3 34. Rxb2 cxb2+ 35. Kb1 a4 36. Nd4 Rb4 37. Nc2 Rc4 38. Bd5 Rxf4 39. Kxb2 Rf2 40. h4 a3+ 41. Kc3 Rf5 42. Re1 Kf8 43. Nxa3 Rh5 44. Rf1 f5 45. Rf4 h6 46. Bf3 g5 47. Bxh5 gxf4 48. Nc4 Ke7 49. Kd4 Kd7 50. Bf3 Ke6 51. h5 Kd7 52. Kc5 Kd8 53. Kc6 Ke7 54. Kxc7 Ke6 55. Kc6 Kf7 56. Kd7 1-0

[Event "Cartagena IRT op 4th"]
[Site "Cartagena"]
[Date "2012.06.18"]
[Round "9"]
[White "Guzman Mellado, Arcadio"]
[Black "Contreras R, Wilson Mauricio"]
[Result "1-0"]
[WhiteElo "1906"]
[BlackElo "1861"]
[PlyCount "43"]
[EventDate "2012.06.14"]
[EventType "swiss"]
[EventRounds "9"]
[EventCountry "COL"]
[SourceTitle "CBM 148 Extra"]
[Source "ChessBase"]
[SourceDate "2012.06.22"]
[SourceVersion "1"]
[SourceVersionDate "2012.06.22"]
[SourceQuality "1"]

1. e4 d5 2. exd5 Qxd5 3. Nc3 Qa5 4. d4 c6 5. Nf3 Bg4 6. h3 Bh5 7. g4 Bg6 8. Ne5 Nf6 9. Bg2 Nbd7 10. Nxg6 hxg6 11. Qd3 e6 12. Bd2 Qc7 13. 0-0-0 Nd5 14. Nxd5 cxd5 15. Bg5 Nb6 16. Rde1 Rc8 17. f4 Be7 18. Bxe7 Qxe7 19. Qb5+ Rc6 20. Qd3 Qc7 21. Rhf1 Nc4 22. Bxd5 1-0

[Event "Cartagena IRT op 4th"]
[Site "Cartagena"]
[Date "2012.06.17"]
[Round "7"]
[White "Contreras R, Wilson Mauricio"]
[Black "Raad, Bernardo"]
[Result "0-1"]
[WhiteElo "1861"]
[BlackElo "1670"]
[PlyCount "110"]
[EventDate "2012.06.14"]
[EventType "swiss"]
[EventRounds "9"]
[EventCountry "COL"]
[SourceTitle "CBM 148 Extra"]
[Source "ChessBase"]
[SourceDate "2012.06.22"]
[SourceVersion "1"]
[SourceVersionDate "2012.06.22"]
[SourceQuality "1"]

1. e4 e5 2. d4 exd4 3. Qxd4 c5 4. Qe3 Nc6 5. Nf3 Be7 6. Nc3 d6 7. Nd5 Nf6 8. Bb5 Nxd5 9. exd5 Qa5+ 10. Bd2 Qxb5 11. dxc6 bxc6 12. Bc3 Be6 13. a4 Qc4 14. b3 Qg4 15. 0-0 0-0 16. Rad1 Rfe8 17. Bb2 Rab8 18. Bc1 Qg6 19. Ne1 Bd5 20. c4 Be6 21. Bb2 Bxc4 22. bxc4 Rxb2 23. Qf3 Rc8 24. Nd3 Rb3 25. Nf4 Qc2 26. Qg4 Rd8 27. Rc1 Qb2 28. h4 Qf6 29. g3 Rbb8 30. Rb1 Rxb1 31. Rxb1 d5 32. Qe2 d4 33. Nd3 Bd6 34. Rb7 Ra8 35. a5 Kf8 36. a6 Qd8 37. Qf3 Qe8 38. Kg2 Rb8 39. Rxa7 Ra8 40. Rb7 Rxa6 41. Qf5 g6 42. Qf3 Kg7 43. g4 Qe6 44. g5 Ra8 45. Rb6 Rc8 46. Rb7 Re8 47. Kf1 Qxc4 48. Qf6+ Kg8 49. Qf3 Ra8 50. Kg2 Qd5 51. Qxd5 cxd5 52. Rd7 Bf8 53. Rxd5 c4 54. Ne5 Rc8 55. Rxd4 c3 0-1

[Event "Cartagena IRT op 4th"]
[Site "Cartagena"]
[Date "2012.06.16"]
[Round "4"]
[White "Contreras R, Wilson Mauricio"]
[Black "Gaviria Galvis, Andres Felipe"]
[Result "0-1"]
[WhiteElo "1861"]
[BlackElo "2066"]
[PlyCount "60"]
[EventDate "2012.06.14"]
[EventType "swiss"]
[EventRounds "9"]
[EventCountry "COL"]
[SourceTitle "CBM 148 Extra"]
[Source "ChessBase"]
[SourceDate "2012.06.22"]
[SourceVersion "1"]
[SourceVersionDate "2012.06.22"]
[SourceQuality "1"]

1. e4 c6 2. d4 d5 3. Nc3 dxe4 4. Nxe4 Bf5 5. Ng3 Bg6 6. Nf3 Nd7 7. Bc4 Ngf6 8. Bg5 e6 9. 0-0 Bd6 10. Bd3 Qc7 11. a3 0-0 12. Re1 Bxd3 13. Qxd3 Rfe8 14. Re2 h6 15. Bd2 e5 16. Rae1 Rad8 17. Qf5 exd4 18. Rxe8+ Nxe8 19. Ne4 Nf8 20. Qg4 Ng6 21. h4 Bf4 22. h5 Bxd2 23. Nexd2 Nf6 24. Qf5 Nf4 25. Ne5 N4d5 26. g4 Qc8 27. Qf3 Re8 28. Qg3 Nxg4 29. Ndf3 Nxe5 30. Nxe5 Qf5 0-1

[Event "Bogota IRT op 06"]
[Site "Bogota"]
[Date "2012.06.11"]
[Round "7"]
[White "Rodriguez Venegas, Jaime"]
[Black "Contreras R, Wilson Mauricio"]
[Result "0-1"]
[WhiteElo "1641"]
[BlackElo "1861"]
[PlyCount "66"]
[EventDate "2012.06.08"]
[EventType "swiss"]
[EventRounds "7"]
[EventCountry "COL"]
[SourceTitle "CBM 148 Extra"]
[Source "ChessBase"]
[SourceDate "2012.06.22"]
[SourceVersion "1"]
[SourceVersionDate "2012.06.22"]
[SourceQuality "1"]

1. e4 d5 2. exd5 Qxd5 3. Nc3 Qa5 4. Nf3 c6 5. Be2 h5 6. d3 e6 7. Bd2 Nd7 8. a3 Ngf6 9. b4 Qc7 10. h3 Be7 11. 0-0 Ng4 12. g3 Nge5 13. Bf4 Nxf3+ 14. Bxf3 e5 15. Re1 exf4 16. Qe2 Nf6 17. Bg2 Be6 18. b5 fxg3 19. bxc6 gxf2+ 20. Kxf2 Bc5+ 21. Kf1 Qf4+ 22. Qf3 Qxf3+ 23. Bxf3 0-0 24. cxb7 Bxh3+ 25. Ke2 Rab8 26. Rh1 Bg4 27. Bxg4 hxg4 28. Rh4 Rxb7 29. Rah1 Re8+ 30. Kd1 g6 31. Ne4 Nxe4 32. Rh8+ Kg7 33. Rxe8 Nf2+ 0-1

[Event "Bogota IRT op 06"]
[Site "Bogota"]
[Date "2012.06.10"]
[Round "4"]
[White "Contreras R, Wilson Mauricio"]
[Black "Estrella Becerra, Fernando"]
[Result "0-1"]
[WhiteElo "1861"]
[BlackElo "2084"]
[PlyCount "66"]
[EventDate "2012.06.08"]
[EventType "swiss"]
[EventRounds "7"]
[EventCountry "COL"]
[SourceTitle "CBM 148 Extra"]
[Source "ChessBase"]
[SourceDate "2012.06.22"]
[SourceVersion "1"]
[SourceVersionDate "2012.06.22"]
[SourceQuality "1"]

1. e4 d6 2. d4 Nf6 3. Nc3 g6 4. h3 Bg7 5. Nf3 0-0 6. Bd3 b6 7. 0-0 Bb7 8. Re1 Nc6 9. e5 dxe5 10. dxe5 Nd5 11. Nb5 a6 12. Na3 e6 13. c3 h6 14. Nc2 Qe7 15. Qe2 Rfd8 16. a3 Qe8 17. Rb1 Nde7 18. Bc4 b5 19. Ba2 Qd7 20. Bf4 Qd3 21. Ne3 Qe4 22. Bg3 Nxe5 23. Nxe5 Bxe5 24. f3 Qxb1 25. Rxb1 Bxg3 26. Ng4 Kg7 27. Ne5 Rd6 28. Ng4 Rad8 29. Rf1 Nf5 30. Ne3 Rd2 31. Nxf5+ gxf5 32. Qe3 Rxb2 33. Qa7 Rdd2 0-1

[Event "Bogota op 03"]
[Site "Bogota"]
[Date "2012.03.18"]
[Round "7"]
[White "Fraile Vela, Maria Isabel"]
[Black "Contreras R, Wilson Mauricio"]
[Result "0-1"]
[WhiteElo "1927"]
[BlackElo "1861"]
[PlyCount "29"]
[EventDate "2012.03.15"]
[EventType "swiss"]
[EventRounds "7"]
[EventCountry "COL"]
[SourceTitle "CBM 147 Extra"]
[Source "ChessBase"]
[SourceDate "2012.04.24"]
[SourceVersion "1"]
[SourceVersionDate "2012.04.24"]
[SourceQuality "1"]

1. e4 d5 2. exd5 Qxd5 3. Nc3 Qd6 4. d4 Nc6 5. Be3 Bf5 6. Qf3 e6 7. Bc4 Nf6 8. 0-0-0 a6 9. d5 Ne5 10. Bf4 Nxf3 11. Bxd6 cxd6 12. Nxf3 e5 13. Nd2 Nd7 14. a3 b5 15. Be2 0-1

[Event "Bogota Univ Central op-A 5th"]
[Site "Bogota"]
[Date "2011.10.17"]
[Round "9.1"]
[White "Contreras R, Wilson Mauricio"]
[Black "Corredor Castellanos, Camilo"]
[Result "1-0"]
[WhiteElo "1879"]
[BlackElo "2015"]
[PlyCount "70"]
[EventDate "2011.10.13"]
[EventType "swiss"]
[EventRounds "9"]
[EventCountry "COL"]
[SourceTitle "EXT 2024"]
[Source "ChessBase"]
[SourceDate "2023.10.10"]
[SourceVersion "1"]
[SourceVersionDate "2023.10.10"]
[SourceQuality "1"]

1. e4 e5 2. Nf3 Nc6 3. Bb5 a6 4. Ba4 Nf6 5. 0-0 Bc5 6. c3 b5 7. Bb3 d6 8. d3 0-0 9. Bg5 h6 10. Be3 Bxe3 11. fxe3 Be6 12. Nbd2 Bxb3 13. Nxb3 d5 14. exd5 Nxd5 15. Qe1 Qd6 16. d4 exd4 17. exd4 Rae8 18. Qd2 Ne3 19. Rf2 Re7 20. Re1 Rfe8 21. Rfe2 Nc4 22. Qc2 Rxe2 23. Rxe2 Rxe2 24. Qxe2 Qe7 25. Qf2 Qe3 26. Qxe3 Nxe3 27. Nc5 a5 28. Kf2 Nd1+ 29. Ke1 Nxb2 30. Na6 b4 31. d5 Ne7 32. Nxc7 Nf5 33. cxb4 Nd3+ 34. Kd2 Nb2 35. Kc3 Nd1+ 1-0

[Event "Bogota Mayores Distrital op 04"]
[Site "Bogota"]
[Date "2011.04.17"]
[Round "6.31"]
[White "Rubio Melo, Hugo Arturo"]
[Black "Contreras R, Wilson Mauricio"]
[Result "1/2-1/2"]
[WhiteElo "1805"]
[BlackElo "1948"]
[PlyCount "109"]
[EventDate "2011.04.14"]
[EventType "swiss"]
[EventRounds "7"]
[EventCountry "COL"]
[SourceTitle "EXT 2024"]
[Source "ChessBase"]
[SourceDate "2023.10.10"]
[SourceVersion "1"]
[SourceVersionDate "2023.10.10"]
[SourceQuality "1"]

1. d4 d5 2. c4 c6 3. Nf3 e6 4. e3 Nf6 5. Nc3 Bb4 6. Bd3 Nbd7 7. 0-0 0-0 8. Qc2 Re8 9. a3 Bd6 10. c5 Bf8 11. b4 b6 12. cxb6 axb6 13. Ne5 Bb7 14. f4 c5 15. bxc5 bxc5 16. Bb5 cxd4 17. exd4 Ba6 18. Bxa6 Rxa6 19. Rf3 Qb6 20. Ne2 Bd6 21. Rb3 Qa7 22. Kh1 Ne4 23. Bb2 Nb6 24. Qc6 Rc8 25. Qb5 Bxe5 26. fxe5 Nc4 27. Qb7 Qxb7 28. Rxb7 Nxb2 29. Rxb2 g6 30. h3 Rc4 31. Rb3 Rc2 32. Ng1 Rd2 33. Nf3 Re2 34. Ng1 Rf2 35. Nf3 Rc6 36. Ne1 Rc4 37. Rd3 Re2 38. Kg1 f6 39. exf6 Nxf6 40. Kf1 Rb2 41. a4 Rbb4 42. a5 Ra4 43. Rda3 Rxa3 44. Rxa3 Rc7 45. Nd3 Nd7 46. a6 Ra7 47. Nc5 Nxc5 48. dxc5 Kf8 49. c6 Ke8 50. Rb3 Kd8 51. Rb8+ Kc7 52. Rb7+ Rxb7 53. cxb7 h6 54. Ke2 e5 55. Kd3 1/2-1/2